[Event "IECC TH-T email"]
[Site "IECC email"]
[Date "2002.09.30"]
[Round "?"]
[White "Holubec, Alex"]
[Black "Morin, Stephane"]
[Result "1/2-1/2"]
[WhiteElo "1943"]
[BlackElo "2330"]
[PlyCount "48"]
[EventDate "2002.??.??"]
[EventType "match (corr)"]
[EventRounds "2"]
[SourceTitle "Corr 2008"]
[Source "ChessBase"]
[SourceDate "2008.06.24"]
[SourceVersion "1"]
[SourceVersionDate "2008.06.24"]
[SourceQuality "1"]

1. e4 e5 2. Nf3 Nf6 3. Nxe5 d6 4. Nxf7 Kxf7 5. d4 g6 6. Nc3 Be6 7. Bd3 Bg7 8. 0-0 Rf8 9. Bg5 Qe8 10. f4 Kg8 11. Qd2 Ng4 12. Be2 h6 13. Bh4 c6 14. e5 dxe5 15. fxe5 g5 16. Bg3 Nd7 17. Ne4 Qe7 18. Nd6 Ngxe5 19. dxe5 Nxe5 20. c4 c5 21. Rxf8+ Rxf8 22. Rd1 Nf7 23. Nxf7 Bd4+ 24. Kh1 Qxf7 1/2-1/2

[Event "IECC TH-M email"]
[Site "IECC email"]
[Date "2002.07.16"]
[Round "?"]
[White "Berkley, Stephen W"]
[Black "Holubec, Alex"]
[Result "1/2-1/2"]
[WhiteElo "1688"]
[BlackElo "1953"]
[PlyCount "38"]
[EventDate "2002.??.??"]
[EventType "match (corr)"]
[EventRounds "2"]
[SourceTitle "Corr 2008"]
[Source "ChessBase"]
[SourceDate "2008.06.24"]
[SourceVersion "1"]
[SourceVersionDate "2008.06.24"]
[SourceQuality "1"]

1. e4 e5 2. Nf3 Nf6 3. Nxe5 d6 4. Nxf7 Kxf7 5. d4 g6 6. Bc4+ d5 7. exd5 Kg7 8. d6 Bxd6 9. 0-0 Nc6 10. c3 Rf8 11. Bg5 h6 12. Bh4 Bf5 13. Nd2 Qd7 14. Re1 g5 15. Bg3 Bxg3 16. hxg3 Rae8 17. Be2 Re7 18. Nc4 Rfe8 19. Ne3 Ng4 1/2-1/2